书目信息 |
| 题名: |
魏晋南北朝隋唐史资料
|
|
| 作者: | 冻国栋 主编 ;武汉大学 编 | |
| 分册: | 第三十三辑 | |
| 出版信息: | 上海 上海古籍出版社 2016 |
|
| 页数: | 258页 | |
| 开本: | 26cm | |
| 丛书名: | ||
| 单 册: | ||
| 中图分类: | K235.07 , K241.07 | |
| 科图分类: | ||
| 主题词: | 史评--shi ping--中国--魏晋南北朝时代 , 史评--shi ping--中国--隋唐时代 | |
| 电子资源: | ||
| ISBN: | 978-7-5325-8201-3 | |
| 000 | 01210nam0 22003011 450 | |
| 001 | 1731225072 | |
| 005 | 20170605111503.48 | |
| 010 | @a978-7-5325-8201-3@dCNY68.00 | |
| 100 | @a20161122d2016 em y0chiy50 ea | |
| 101 | 0 | @achi |
| 102 | @aCN@b310000 | |
| 105 | @ay z 000yy | |
| 106 | @ar | |
| 200 | 1 | @a魏晋南北朝隋唐史资料@Awei jin nan bei chao sui tang shi zi liao@h第三十三辑@f武汉大学中国三至九世纪研究所编 |
| 210 | @a上海@c上海古籍出版社@d2016 | |
| 215 | @a258页@d26cm | |
| 300 | @a武汉大学基础学科振兴行动计划、中央高校基本科研业务费专项资金武汉大学自主科研项目资助出版 | |
| 304 | @a英文共同题名:Journal of the 3-9th century Chinese history | |
| 314 | @a主编:冻国栋 | |
| 330 | @a本书收有包括12篇论文,内容包括魏晋南北朝至隋唐年间的吴简研究(1篇)、政治史考察(3篇)、法律史(1篇)、中外关系史(2篇)、文学史(1篇)、宗教史(2篇)、以及写本问题(2篇)等。 | |
| 606 | 0 | @a史评@Ashi ping@y中国@z魏晋南北朝时代 |
| 606 | 0 | @a史评@Ashi ping@y中国@z隋唐时代 |
| 690 | @aK235.07@v5 | |
| 690 | @aK241.07@v5 | |
| 701 | 0 | @a冻国栋@Adong guo dong@f(1957~)@4主编 |
| 712 | 02 | @a武汉大学@Awu han da xue@b中国三至九世纪研究所@4编 |
| 801 | 0 | @aCN@bTANG WEI@c20170527 |
| 905 | @b0970273-7@dK235.07@e80:33@f5 | |
| 魏晋南北朝隋唐史资料.第三十三辑/武汉大学中国三至九世纪研究所编.-上海:上海古籍出版社,2016 |
| 258页;26cm |
| 武汉大学基础学科振兴行动计划、中央高校基本科研业务费专项资金武汉大学自主科研项目资助出版 |
| ISBN 978-7-5325-8201-3:CNY68.00 |
| 本书收有包括12篇论文,内容包括魏晋南北朝至隋唐年间的吴简研究(1篇)、政治史考察(3篇)、法律史(1篇)、中外关系史(2篇)、文学史(1篇)、宗教史(2篇)、以及写本问题(2篇)等。 |
| ● |
| 相关链接 |
|
|
|
|
正题名:魏晋南北朝隋唐史资料
索取号:K235.07/80:33
 
预约/预借
| 序号 | 登录号 | 条形码 | 馆藏地/架位号 | 状态 | 备注 |
| 1 | 0970273 | 209702730 | 第二样本阅览室/ [索取号:K235.07/80:33] | 在馆 | |
| 2 | 0970274 | 209702749 | 第二借阅区/ [索取号:K235.07/80:33] | 在馆 | |
| 3 | 0970275 | 209702758 | 第二借阅区/ [索取号:K235.07/80:33] | 在馆 | |
| 4 | 0970276 | 209702767 | 第二借阅区/ [索取号:K235.07/80:33] | 在馆 | |
| 5 | 0970277 | 209702776 | 史法系资料室/ [索取号:K235.07/80:33] | 在馆 |